| 000 | 00521nam a2200169Ia 4500 | ||
|---|---|---|---|
| 999 |
_c8007 _d8007 |
||
| 003 | OSt | ||
| 005 | 20200127134159.0 | ||
| 008 | 190216s9999||||xx |||||||||||||| ||und|| | ||
| 020 | _a9788125915324 | ||
| 040 | _coclc | ||
| 082 |
_a658.8 _bRAJ/C |
||
| 100 |
_aRaju, M S _91523 |
||
| 245 | 0 |
_aConsumer Behaviour Concepts, Applications And Cases / _cM S Raju ; Dominique Xardel |
|
| 260 |
_bVikas Publishing House, _c2013. _aNew Delhi: |
||
| 300 | _a351p | ||
| 942 |
_cBK _2ddc _h658.8 _iRAJ/C _k658.8 _mRAJ/C |
||